Posúdenie konkurencieschopnosti slovenskej ekonomiky pri prenikaní na zahraničné trhy diplomová práca

Gespeichert in:
Bibliographische Detailangaben
1. Verfasser: Bujdáková, Martina
Körperschaft: Obchodná fakulta EU. Katedra medzinárodného obchodu
Weitere Verfasser: Ružeková, Viera, 1957-
Format: Buch
Sprache:Slowakisch
Veröffentlicht: Bratislava 2015
Tags: Tag hinzufügen
Keine Tags, Fügen Sie das erste Tag hinzu!

MARC

LEADER 00000nbm a2200000 4500
001 0206500
005 20161212104707.1
041 0 |a slo 
044 |a SK 
245 1 0 |a Posúdenie konkurencieschopnosti slovenskej ekonomiky pri prenikaní na zahraničné trhy  |b diplomová práca  |c Martina Bujdáková ; školiteľ: Viera Ružeková 
264 1 |a Bratislava  |c 2015 
300 |a 80 s. 
100 1 |a Bujdáková, Martina 
700 1 |a Ružeková, Viera, 1957- 
710 2 |a Obchodná fakulta EU. Katedra medzinárodného obchodu